All Formula One Drivers of the 2010s - Statistics

General Stats
  • This quiz has been taken 939 times
  • The average score is 38 of 66
Answer Stats
Answer Grand Prix Entries Teams % Correct
Lewis Hamilton 198 McLarenMercedes
96%
Fernando Alonso 174 FerrariMcLaren
95%
Sebastian Vettel 198 Red BullFerrari
95%
Max Verstappen 102 Toro RossoRed Bull
93%
Kimi Räikkönen 158 LotusFerrari Alfa Romeo
92%
Daniel Ricciardo 171 HRTToro Rosso Red Bull Renault
90%
Michael Schumacher 58 Mercedes
90%
Sergio Pérez 181 SauberMcLaren Sahara Force India / Racing Point Force India / Racing Point
89%
Valtteri Bottas 140 WilliamsMercedes
89%
Carlos Sainz Jr. 102 Toro RossoRenault McLaren
87%
Nico Rosberg 136 Mercedes
87%
Pierre Gasly 47 Toro RossoRed Bull
87%
Charles Leclerc 42 Alfa Romeo SauberFerrari
85%
Jenson Button 137 McLaren
85%
Lando Norris 21 McLaren
83%
Nico Hülkenberg 179 WilliamsSahara Force India Sauber Renault
83%
Felipe Massa 156 FerrariWilliams
82%
Kevin Magnussen 103 McLarenRenault
Haas
82%
Romain Grosjean 159 LotusHaas
82%
Daniil Kvyat 95 Toro RossoRed Bull
81%
Mark Webber 77 Red Bull
81%
Alexander Albon 21 Toro RossoRed Bull
80%
Esteban Ocon 50 ManorSahara Force India / Racing Point Force India
80%
Lance Stroll 62 WilliamsRacing Point
79%
George Russell 21 Williams
77%
Robert Kubica 40 RenaultWilliams
74%
Antonio Giovinazzi 23 SauberAlfa Romeo
65%
Jules Bianchi 34 Marussia
62%
Rubens Barrichello 38 Williams
60%
Marcus Ericsson 97 CaterhamSauber / Alfa Romeo Sauber
58%
Pastor Maldonado 96 WilliamsLotus
58%
Stoffel Vandoorne 42 McLaren
56%
Heikki Kovalainen 60 Lotus / Team LotusCaterham Lotus
52%
Brendon Hartley 25 Toro Rosso
51%
Esteban Gutiérrez 59 SauberHaas
48%
Kamui Kobayashi 74 BMW Sauber / SauberCaterham
48%
Jean-Éric Vergne 58 Toro Rosso
47%
Nick Heidfeld 16 BMW SauberRenault
47%
Sergey Sirotkin 21 Williams
47%
Vitaly Petrov 58 RenaultCaterham
47%
Adrian Sutil 76 Force India / Sahara Force IndiaSauber
45%
Bruno Senna 46 HRTRenault Williams
45%
Sébastien Buemi 38 Toro Rosso
45%
Timo Glock 58 VirginMarussia
45%
Jolyon Palmer 37 Renault
44%
Pascal Wehrlein 40 ManorSauber
44%
Paul di Resta 59 Force India / Sahara Force IndiaWilliams
42%
Jarno Trulli 37 Lotus / Team Lotus
41%
Pedro de la Rosa 35 BMW Sauber / Sauber HRT
39%
Jaime Alguersuari 38 Toro Rosso
38%
Narain Karthikeyan 29 HRT
37%
Charles Pic 39 MarussiaCaterham
36%
Felipe Nasr 40 Sauber
35%
Karun Chandhok 11 HRTTeam Lotus
35%
Max Chilton 35 Marussia
35%
Vitantonio Liuzzi 37 Force IndiaHRT
32%
Rio Haryanto 12 Manor
30%
Alexander Rossi 5 Marussia
28%
Giedo van der Garde 19 Caterham
25%
André Lotterer 1 Caterham
24%
Jérôme d'Ambrosio 20 MarussiaLotus
24%
Lucas di Grassi 19 Virgin
24%
Will Stevens 20 CaterhamMarussia
24%
Roberto Merhi 14 Marussia
20%
Sakon Yamamoto 7 HRT
20%
Christian Klien 3 HRT
19%
No matching quizzes found
Score Distribution
Percent of People with Each Score
Percentile by Number Answered
Your Score History
You have not taken this quiz